| 000 | 00901nam a22002897a 4500 | ||
|---|---|---|---|
| 003 | CHAP | ||
| 005 | 20220329134719.0 | ||
| 008 | 971013s r 00010 d | ||
| 010 | _a24672 | ||
| 011 | _a25644 | ||
| 035 | _a29744 | ||
| 040 | _cCHAP | ||
| 090 | _aFolleto 8594 | ||
| 110 |
_aInstituto Colombiano de Normas Técnicas _959092 |
||
| 245 | _aDocumentación, elaboración de índices para libros y publicaciones periódicas | ||
| 260 |
_a(Bogotá) : _bINCONTEC, _c(s.a.) |
||
| 300 | _a3 h | ||
| 590 |
_aBATCH-UPD _b10 _c20130110 _lUCH01 _h1420 |
||
| 590 |
_aBATCH-UPD _b10 _c20130410 _lUCH01 _h0902 |
||
| 590 |
_aBATCH-UPD _b10 _c20130914 _lUCH01 _h1631 |
||
| 590 |
_aCONVERSION _b10 _c20130109 _lUCH01 _h1314 |
||
| 650 | 1 | 4 |
_aIndices. _957569 |
| 650 | 1 | 4 |
_aTrabajos científicos _xElaboración. _9114562 |
| 901 | _aBK | ||
| 942 | _cFOLL | ||
| 949 |
_aFolleto 8594 _bBC _cB _d-68729 _eB _i29744 _si |
||
| 999 |
_c24672 _d24672 |
||